Business ethics. (Record no. 6020)
[ view plain ]
| 000 -LEADER | |
|---|---|
| fixed length control field | 01020nas a22003013 4500 |
| 003 - CONTROL NUMBER IDENTIFIER | |
| control field | OSt |
| 005 - DATE AND TIME OF LATEST TRANSACTION | |
| control field | 20260306125823.0 |
| 008 - FIXED-LENGTH DATA ELEMENTS--GENERAL INFORMATION | |
| fixed length control field | 890125u xx u 0 0 0und |
| 020 ## - INTERNATIONAL STANDARD BOOK NUMBER | |
| International Standard Book Number | 9780198828792 |
| 040 ## - CATALOGING SOURCE | |
| Transcribing agency | ALUPE UNIVERSITY |
| 050 ## - LIBRARY OF CONGRESS CALL NUMBER | |
| Classification number | HD60 |
| Item number | .C69 2019 |
| 100 ## - MAIN ENTRY--PERSONAL NAME | |
| Personal name | Crane, Andrew |
| Dates associated with a name | 2019 |
| 245 00 - TITLE STATEMENT | |
| Title | Business ethics. |
| Remainder of title | Managing Corporate Citizenship and Sustainability in the Age of Globalization |
| 260 ## - PUBLICATION, DISTRIBUTION, ETC. | |
| Place of publication, distribution, etc. | Madison, WI. |
| Name of publisher, distributor, etc. | Suttle Press |
| Date of publication, distribution, etc. | c2019. |
| 300 ## - PHYSICAL DESCRIPTION | |
| Extent | xiv, 498pg : |
| Other physical details | ill : |
| Dimensions | 23cm |
| 336 ## - CONTENT TYPE | |
| Content type term | text |
| Content type code | txt |
| Source | rdacontent |
| 337 ## - MEDIA TYPE | |
| Media type term | unmediated |
| Media type code | n |
| Source | rdamedia |
| 338 ## - CARRIER TYPE | |
| Carrier type term | volume |
| Carrier type code | nc |
| Source | rdacarrier |
| 504 ## - BIBLIOGRAPHY, ETC. NOTE | |
| Bibliography, etc. note | Includes bibliographic references and index. |
| 590 ## - LOCAL NOTE (RLIN) | |
| Local note | Title from cover. Published monthly, ten times a year. |
| 700 ## - ADDED ENTRY--PERSONAL NAME | |
| Personal name | Matten, Dirk |
| Dates associated with a name | 2019 |
| 700 ## - ADDED ENTRY--PERSONAL NAME | |
| Personal name | Glozer, Sarah |
| Dates associated with a name | 2019 |
| 700 ## - ADDED ENTRY--PERSONAL NAME | |
| Personal name | Spence, Laura J. |
| 710 2# - ADDED ENTRY--CORPORATE NAME | |
| Corporate name or jurisdiction name as entry element | Mavis Publications |
| 906 ## - LOCAL DATA ELEMENT F, LDF (RLIN) | |
| a | 0 |
| b | bbc |
| c | serlocs |
| d | u |
| e | ncip |
| f | 19 |
| g | ilsserca |
| 942 ## - ADDED ENTRY ELEMENTS (KOHA) | |
| Source of classification or shelving scheme | |
| Koha item type | Book |
| Suppress in OPAC | CM |
| Withdrawn status | Lost status | Source of classification or shelving scheme | Damaged status | Not for loan | Permanent Location | Current Location | Shelving location | Date acquired | Source of acquisition | Total Checkouts | Full call number | Barcode | Date last seen | Copy number | Price effective from | Koha item type | Public note |
|---|---|---|---|---|---|---|---|---|---|---|---|---|---|---|---|---|---|
| AU LIBRARY | AU LIBRARY | Open Shelf | 06.03.2026 | PURCHASE | HD60 .C69 2019 C1 | 28008487 | 06.03.2026 | 1 | 06.03.2026 | Book | CM | ||||||
| AU LIBRARY | AU LIBRARY | Open Shelf | 06.03.2026 | PURCHASE | HD60 .C69 2019 C2 | 28008486 | 06.03.2026 | 2 | 06.03.2026 | Book | CM |